| LEADER | 00810nam a2200205 u 4500 | ||
|---|---|---|---|
| 001 | 10041885 | ||
| 003 | GR-PaULI | ||
| 005 | 20220216111103.0 | ||
| 008 | 011126s1984 gr p gre | ||
| 952 | |0 0 |1 0 |2 ddc |4 0 |6 889_134000000000000_ΓΙΑ |7 0 |9 322739 |a LISP |b LISP |c DON |d 2021-01-26 |e ΓΑΛ |i 144816 |l 0 |o 889.134 ΓΙΑ |p 025000270972 |r 2021-01-26 00:00:00 |t 1 |w 2021-01-26 |y BKN | ||
| 999 | |c 181416 |d 181416 | ||
| 040 | |a GR-PaULI |c GR-PaULI |b gre |e AACR2 | ||
| 082 | 0 | 4 | |a 889.134 |2 23 |
| 100 | 1 | |a Γιακουμάκης, Εμμανουήλ Α. |e συγγραφέας. |9 181639 | |
| 245 | 1 | 0 | |a Μικρή καθοδήγηση / |b |c Μανόλης Γιακουμάκης. |
| 260 | |a Αθήνα : |b Ωλήν, |c 1984. | ||
| 300 | |a 68 σ. ; |b |c 25 εκ. | ||
| 655 | 4 | |a Ποίηση | |
| 942 | |2 ddc |c BKN | ||
| 998 | |c ΜΠΟΥΡΑΣ |d 2021-01 | ||